| 000 | 01403cam a2200217 4500500 | ||
|---|---|---|---|
| 005 | 20260111132233.0 | ||
| 041 | _afre | ||
| 042 | _adc | ||
| 100 | 1 | 0 |
_aCataïfé, Emmy _eauthor |
| 245 | 0 | 0 | _aDe La Borde à La Chesnaie : paroles partagées |
| 260 | _c2025. | ||
| 500 | _a31 | ||
| 520 | _aLes problématiques concernant le thème de l’accompagnement suscitent aujourd’hui un fort intérêt. Nous maintenons cependant une position réflexive et un recul critique nécessaires vis-à-vis de certaines approches contemporaines, particulièrement concernant l’impasse clinique et dépolitisante des questions collectives vers laquelle les grammaires dites « collaboratives » des autorités de tutelle tendent à nous conduire. Cependant, les rencontres entre La Chesnaie, Les Temps d’Arts et La Borde ont été l’occasion de nourrir nos liens, de retourner à l’historiographie du mouvement en discutant son contexte d’émergence et de prendre un temps commun pour parler des bases théoriques qui nous animent. | ||
| 690 | _aaccompagnement | ||
| 690 | _aCo-soignance | ||
| 690 | _apratiques | ||
| 690 | _apsychothérapie institutionnelle | ||
| 690 | _asoin | ||
| 786 | 0 | _nVST - Vie sociale et traitements | 168 | 4 | 2025-12-05 | p. 35-40 | 0396-8669 | |
| 856 | 4 | 1 | _uhttps://shs.cairn.info/revue-vst-vie-sociale-et-traitements-2025-4-page-35?lang=fr&redirect-ssocas=7080 |
| 999 |
_c1634623 _d1634623 |
||